000 01469cam a2200133 4500500
005 20251214004405.0
041 _afre
042 _adc
100 1 0 _aSuire, Éric
_eauthor
245 0 0 _aVocabulaire historique du christianisme
260 _bArmand Colin,
_c2004.
520 _aLe christianisme aura bientôt deux mille ans. Matrice de la civilisation européenne, religion présente sur tous les continents, il a façonné au fil des siècles l'organisation sociale, le calendrier et le langage des hommes. Aujourd'hui cependant, l'usage d'un vocabulaire adapté aux besoins de la théologie et de la spiritualité, comportant de nombreux emprunts scripturaires et patristiques, l'emploi liturgique du grec et du latin sont devenus des obstacles à l'intelligibilité de l'architecture, de l'iconographie et de la littérature chrétiennes. Ce vocabulaire, à travers plus de 3 000 occurrences, recense les mots qui leur sont spécifiques, il en restitue les différentes significations, et les replace dans leur contexte historique. Il aborde les questions relatives au droit, à la morale, à la discipline ecclésiastique, depuis les premières communautés de fidèles jusqu'aux Églises contemporaines. Il apporte une aide indispensable au commentaire de document, à la dissertation et à l'épreuve de culture générale.
856 4 1 _uhttps://shs.cairn.info/vocabulaire-historique-du-christianisme--9782200265311?lang=fr&redirect-ssocas=7080
999 _c1568500
_d1568500